| 000 | 00772nam a22002537a 4500 | ||
|---|---|---|---|
| 005 | 20260127092144.0 | ||
| 008 | 260127b |||||||| |||| 00| 0 eng d | ||
| 020 | _a9789622086166 | ||
| 040 | _aBSOP | ||
| 041 | _achi | ||
| 050 | _aBS498.C5 | ||
| 100 |
_6880-1 _aTang, Samuel Y. C. |
||
| 245 |
_6880-1 _aJeremiah II {ch} / _cSamuel Y. C. Tang. |
||
| 250 | _a1st ed. | ||
| 264 |
_aHong Kong : _bTien Dao Publishing House, Ltd., _c1994. |
||
| 300 |
_a420p. ; _c22cm. |
||
| 440 | _aBible Study Series | ||
| 504 | _aIncludes bibliographical references. | ||
| 650 | _aBible -- Jeremiah -- Commentaries {ch}. | ||
| 650 | _aBible -- Old Testament -- Jeremiah -- Commentaries {ch}. | ||
| 880 |
_6245-1 _a耶利米書 |
||
| 880 |
_6100-1 _a唐佑之 |
||
| 942 |
_2lcc _cBK |
||
| 999 |
_c55176 _d55176 |
||